Christophe DARMANGEAT, Le Profit déchiffré. Trois essais d’économie marxiste, Montreuil, La ville brûle, 2016, 224 pages (notice n° 2210870)
[ vue normale ]
| 000 -LEADER | |
|---|---|
| fixed length control field | 01517cam a2200157 4500500 |
| 005 - DATE AND TIME OF LATEST TRANSACTION | |
| control field | 20260412000658.0 |
| 041 ## - LANGUAGE CODE | |
| Language code of text/sound track or separate title | fre |
| 042 ## - AUTHENTICATION CODE | |
| Authentication code | dc |
| 100 10 - MAIN ENTRY--PERSONAL NAME | |
| Personal name | Fondu, Guillaume |
| Relator term | author |
| 245 00 - TITLE STATEMENT | |
| Title | Christophe DARMANGEAT, Le Profit déchiffré. Trois essais d’économie marxiste, Montreuil, La ville brûle, 2016, 224 pages |
| 260 ## - PUBLICATION, DISTRIBUTION, ETC. | |
| Date of publication, distribution, etc. | 2017.<br/> |
| 500 ## - GENERAL NOTE | |
| General note | 66 |
| 520 ## - SUMMARY, ETC. | |
| Summary, etc. | The Interpellated Subject : Beyond Althusser and Butler According to the theory of « interpellation », capitalism brings forth a « subject form » : a subject who, by assuming its subjection, takes on its guilt. Through this « linguistic turn » within Marxism, Althusser endows social structure with speech. But how could social relations « interpellate » ? And what sort of guilt might be at stake here ? In contrast with the asymmetrical « from the top » Althusserian view, the meta-structural approach advances the concept of an amphibological interpellation, where the same demand – « freedomandequality ! » – is made by the powerful and by the people-multitude. Such is the modern « differend ». Modern society thus carries within itself the principle of its self-critique, being burdened with a guilt which is not that of breaking the Law, but of complying with it. This supposition underlies all emancipatory speech. |
| 786 0# - DATA SOURCE ENTRY | |
| Note | Actuel Marx | 61 | 1 | 2017-03-09 | p. 206c-207c | 0994-4524 |
| 856 41 - ELECTRONIC LOCATION AND ACCESS | |
| Uniform Resource Identifier | <a href="https://shs.cairn.info/revue-actuel-marx-2017-1-page-206c?lang=fr&redirect-ssocas=7080">https://shs.cairn.info/revue-actuel-marx-2017-1-page-206c?lang=fr&redirect-ssocas=7080</a> |
Pas d'exemplaire disponible.




Réseaux sociaux